000 00391nam a2200133Ia 4500
008 220217s9999||||xx |||||||||||||| ||und||
020 _a81-317-1787-9
082 _a005.13 ROS
100 _aRosenzweig, Gary
_95656
245 0 _aAction script 3.0 game programming university
260 _aPearson education of asia
_bNew Delhi
_c2008
300 _b425
650 _aPROGRAMMING LANGUAGE
999 _c176726
_d176726